000 00898nam a2200229Ia 4500
001 L852-36218
003 IT-CnALBA
008 170116s9999||||xx |||||||||||||| ||und||
040 _aIT-CnALBA
_cIT-CnALBA
041 _aITALIANO
100 _aALIGHIERI DANTE
245 0 _aLA DIVINA COMMEDIA PURGATORIO.
250 _a1a ed.
260 _a MI BO NA
_bLA PRORA C. ED. DI LOCATELLI
_c1956 [1° Ed.:1956]
300 _a333 p.
500 _aNOTE E COMMENTO DI MALAGOLI L. DISEGNI DELL'UBICAZIONE DEL PURGATORIO. INDICI. INDICE ONOMASTICO E DEI LUOGHI.
501 _aSocietà San Paolo EM - Piazza San Paolo, 14 - 12051 ALBA (CN) (non commercial uses only) ® Copyright 2017
520 _aNOTE E COMMENTO DI MALAGOLI L. DISEGNI DELL'UBICAZIONE DEL PURGATORIO. INDICI. INDICE ONOMASTICO E DEI LUOGHI.
650 _aLETTERATURA DRAMMATICA E COMMEDIA
942 _cBK
957 _71
999 _a40982
_bNO
_g Copie: 1
_c295017
_d295017